[Event "Canadian op U2200"]
[Site "Sault Ste Marie"]
[Date "2017.07.12"]
[Round "4"]
[White "Ranola, Alberto"]
[Black "Rowlinson, Terry"]
[Result "1-0"]
[WhiteElo "2075"]
[BlackElo "1837"]
[PlyCount "137"]
[EventDate "2017.07.11"]
[EventType "swiss"]
[EventRounds "9"]
[EventCountry "CAN"]
[SourceTitle "EXT 2022"]
[Source "ChessBase"]
[SourceDate "2021.10.06"]
[SourceVersion "1"]
[SourceVersionDate "2021.10.06"]
[SourceQuality "1"]

1. Nf3 d5 2. c4 e6 3. g3 c6 4. d4 Nf6 5. Bg2 Bb4+ 6. Bd2 Qe7 7. 0-0 0-0 8. Qb3 Bxd2 9. Nbxd2 Nbd7 10. Rad1 Rb8 11. Qc2 Qd6 12. e4 dxe4 13. Nxe4 Nxe4 14. Qxe4 h6 15. Rfe1 Rd8 16. Qc2 Nf6 17. Ne5 Bd7 18. h4 Be8 19. Bf3 Rdc8 20. a3 Qe7 21. b4 b5 22. Rc1 a6 23. cxb5 axb5 24. Re3 Qd6 25. Qc5 Qxc5 26. dxc5 Nd5 27. Bxd5 exd5 28. Rce1 Kf8 29. Nf3 Bd7 30. Re7 Be6 31. Ra7 Ra8 32. Rxa8 Rxa8 33. Re3 Bd7 34. Nd4 Re8 35. Rxe8+ Kxe8 36. f4 Ke7 37. Kf2 f5 38. Ke3 Kf6 39. Nf3 Be8 40. Kd4 Bd7 41. Kc3 Ke6 42. Kd3 Kf6 43. Kd4 Ke6 44. Ng1 Be8 45. Ne2 Bd7 46. Nc3 Kf6 47. a4 bxa4 48. Nxa4 g5 49. hxg5+ hxg5 50. Nc3 gxf4 51. gxf4 Ke6 52. Ne2 Bc8 53. Ng1 Bd7 54. Nf3 Kf6 55. Ne5 Be8 56. b5 cxb5 57. c6 Ke6 58. Kc5 b4 59. Nf3 b3 60. Nd4+ Ke7 61. Nxb3 Kd8 62. Kd6 Bf7 63. Nd4 Bg6 64. Kxd5 Kc7 65. Ne6+ Kc8 66. Kd6 Be8 67. Nd4 Bg6 68. c7 Bh7 69. Nc6 1-0

[Event "Canadian op U2200"]
[Site "Sault Ste Marie"]
[Date "2017.07.12"]
[Round "3"]
[White "Ranola, Alberto"]
[Black "Wu, Chenxi"]
[Result "1-0"]
[WhiteElo "2075"]
[BlackElo "1904"]
[PlyCount "67"]
[EventDate "2017.07.11"]
[EventType "swiss"]
[EventRounds "9"]
[EventCountry "CAN"]
[SourceTitle "EXT 2022"]
[Source "ChessBase"]
[SourceDate "2021.10.06"]
[SourceVersion "1"]
[SourceVersionDate "2021.10.06"]
[SourceQuality "1"]

1. Nf3 Nf6 2. c4 e6 3. Nc3 b6 4. g3 Bb7 5. Bg2 Be7 6. 0-0 0-0 7. d4 d5 8. Ne5 Nbd7 9. Qa4 c5 10. cxd5 cxd4 11. Nxd7 Nxd7 12. d6 Bxg2 13. Kxg2 dxc3 14. dxe7 Qxe7 15. bxc3 Nc5 16. Qb4 Qb7+ 17. f3 Rfd8 18. Be3 Nd7 19. Rfd1 Nf6 20. c4 h6 21. a4 Qc7 22. Rac1 Rxd1 23. Rxd1 Rc8 24. Rc1 Qe5 25. Qd2 Rc6 26. Kf2 Qf5 27. Kg2 e5 28. a5 e4 29. axb6 axb6 30. Bxb6 exf3+ 31. exf3 Qe6 32. Bf2 Rxc4 33. Qd8+ Kh7 34. Qd3+ 1-0

[Event "Canadian op U2200"]
[Site "Sault Ste Marie"]
[Date "2017.07.11"]
[Round "1.25"]
[White "Ranola, Alberto"]
[Black "Botez, Andrea"]
[Result "0-1"]
[WhiteElo "2075"]
[BlackElo "1887"]
[PlyCount "68"]
[EventDate "2017.07.11"]
[EventType "swiss"]
[EventRounds "9"]
[EventCountry "CAN"]
[SourceTitle "EXT 2022"]
[Source "ChessBase"]
[SourceDate "2021.10.06"]
[SourceVersion "1"]
[SourceVersionDate "2021.10.06"]
[SourceQuality "1"]

1. Nf3 g6 2. c4 Bg7 3. g3 d6 4. Bg2 e5 5. Nc3 Nc6 6. 0-0 Nf6 7. d4 0-0 8. d5 Ne7 9. e4 h6 10. h3 Nd7 11. Be3 f5 12. Qd2 Kh7 13. Qc2 Nf6 14. Rad1 g5 15. exf5 Bxf5 16. Qe2 Qd7 17. Kh2 Bg6 18. Nd2 Nf5 19. Nde4 Ng8 20. c5 a6 21. c6 Qc8 22. Qc4 Nge7 23. g4 Nh4 24. Bxg5 hxg5 25. Nxg5+ Kg8 26. Ne6 Rf7 27. Be4 bxc6 28. dxc6 Bxe4 29. Nxg7 Nf3+ 30. Kg3 d5 31. Qc5 Kxg7 32. Nxe4 dxe4 33. Rd7 Qf8 34. Rxc7 Nf5+ 0-1

[Event "Aurora Spring op"]
[Site "Aurora"]
[Date "2017.04.02"]
[Round "5.2"]
[White "Calvelo, Jelvis"]
[Black "Ranola, Alberto"]
[Result "1-0"]
[WhiteElo "2020"]
[BlackElo "1871"]
[PlyCount "101"]
[EventDate "2017.04.01"]
[EventType "swiss"]
[EventRounds "5"]
[EventCountry "CAN"]
[SourceTitle "EXT 2022"]
[Source "ChessBase"]
[SourceDate "2021.10.06"]
[SourceVersion "1"]
[SourceVersionDate "2021.10.06"]
[SourceQuality "1"]

1. c4 Nf6 2. Nc3 g6 3. Nf3 Bg7 4. g3 0-0 5. Bg2 d5 6. cxd5 Nxd5 7. 0-0 Nc6 8. h3 Nxc3 9. bxc3 e5 10. Qc2 Bf5 11. e4 Be6 12. Rd1 Qe7 13. d4 Bc4 14. d5 Na5 15. Nd2 Ba6 16. a4 Rfe8 17. Ba3 Qd7 18. c4 b6 19. c5 Qd8 20. c6 Bf8 21. Bb2 Bd6 22. Rac1 Qe7 23. Rb1 Rf8 24. Bc3 Rab8 25. Bxa5 bxa5 26. Bf1 Bxf1 27. Kxf1 Rb4 28. Nc4 Rxb1 29. Rxb1 Bb4 30. Qd3 Rd8 31. Kg2 Kg7 32. f4 exf4 33. Qd4+ Kg8 34. gxf4 Qh4 35. Qf2 Qh5 36. Qf3 Qxf3+ 37. Kxf3 f5 38. Rd1 fxe4+ 39. Kxe4 Kf7 40. Rd3 Kf6 41. Re3 Bc5 42. Re2 Bb4 43. Kd4 Kf5 44. Re6 Kxf4 45. Rf6+ Kg5 46. Rf7 Rc8 47. Rxh7 Kf6 48. d6 cxd6 49. Kd5 g5 50. Nxd6 Bxd6 51. Kxd6 1-0